El libro de protocolo del primer notario indígena (Cuzco, siglo XVI) : cuestiones filológicas, discursivas y de contacto de lenguas /
Transcripción fiel de los documentos inéditos que se han conservado del libro de protocolo de Pedro Quispe, el primer escribano del cabildo de origen indígena del que se tiene noticia.
Сохранить в:
| Главный автор: | |
|---|---|
| Формат: | eКнига |
| Язык: | испанский |
| Опубликовано: |
Madrid :
Iberoamericana : Vervuert,
2015.
|
| Серии: | Textos y documentos españoles y ameicanos ;
9. |
| Предметы: | |
| Online-ссылка: | https://elibro.unach.elogim.com/es/lc/unach/titulos/173632 |
| Метки: |
Добавить метку
Нет меток, Требуется 1-ая метка записи!
|
MARC
| LEADER | 00000nam a2200000 i 4500 | ||
|---|---|---|---|
| 001 | ELB173632 | ||
| 003 | FlNmELB | ||
| 005 | 20210429105710.0 | ||
| 006 | m o d | | ||
| 007 | cr cnu|||||||| | ||
| 008 | 210429s2015 sp ob 000 0 spa d | ||
| 020 | |a 9783964563880 |q (e-book) | ||
| 020 | |z 9788484898757 | ||
| 035 | |a (OCoLC)1252203277 | ||
| 040 | |a FINmELB |b spa |e rda |c FINmELB | ||
| 050 | 4 | |a F3611.C9 |b N383 2015 | |
| 080 | |a 811.134.2 | ||
| 082 | 0 | 4 | |a 467 |2 23 |
| 100 | 1 | |a Navarro Gala, Rosario, |e autor. | |
| 245 | 1 | 3 | |a El libro de protocolo del primer notario indígena (Cuzco, siglo XVI) : |b cuestiones filológicas, discursivas y de contacto de lenguas / |c Rosario Navarro Gala. |
| 264 | 1 | |a Madrid : |b Iberoamericana : |b Vervuert, |c 2015. | |
| 300 | |a 1 recurso en línea (442 páginas) | ||
| 336 | |a texto |b txt |2 rdacontent/spa | ||
| 337 | |a computadora |b c |2 rdamedia/spa | ||
| 338 | |a recurso en línea |b cr |2 rdacarrier/spa | ||
| 490 | 1 | |a Textos y documentos españoles y ameicanos ; |v 9 | |
| 504 | |a Incluye referencias bibliográficas (páginas 205-222). | ||
| 520 | |a Transcripción fiel de los documentos inéditos que se han conservado del libro de protocolo de Pedro Quispe, el primer escribano del cabildo de origen indígena del que se tiene noticia. | ||
| 650 | 0 | |a Indians of South America |z Peru |x Government relations |x History |x Sources. | |
| 650 | 0 | |a Spanish language |x Dialects |z Peru. | |
| 650 | 4 | |a Protocolos notariales |z Cuzco |y S.XVI. | |
| 650 | 4 | |a Lengua española |z Perú |y S.XVI |v Fuentes. | |
| 650 | 4 | |a Lengua española |x Análisis del discurso. | |
| 650 | 4 | |a Lenguas en contacto |z Perú. | |
| 655 | 4 | |a Libros electrónicos. | |
| 700 | 1 | |a Navarro Gala, Rosario. | |
| 797 | 2 | |a elibro, Corp. | |
| 830 | 0 | |a Textos y documentos españoles y ameicanos ; |v 9. | |
| 856 | 4 | 0 | |u https://elibro.unach.elogim.com/es/lc/unach/titulos/173632 |
| 950 | |a eLibro Bellas Artes, Artes Visuales y Ciencias Semióticas | ||
| 950 | |a eLibro Cátedra España | ||
| 950 | |a eLibro Cátedra | ||